Normal view
MARC view
- Prescott, Lansing M.
Entry Personal Name
001 - CONTROL NUMBER
- control field: 5120
003 - CONTROL NUMBER IDENTIFIER
- control field: NUST
005 - DATE AND TIME OF LATEST TRANSACTION
- control field: 20171002112025.0
008 - FIXED-LENGTH DATA ELEMENTS
- fixed length control field: 171002|| aca||aabn | a|a d
040 ## - CATALOGING SOURCE
- Original cataloging agency: NUST
- Transcribing agency: NUST
100 ## - HEADING--PERSONAL NAME
- Personal name: Prescott, Lansing M.
670 ## - SOURCE DATA FOUND
- Source citation: Work cat.: (NUST)0: Prescott, Lansing M., Microbiology /, c2002.
